| 000 | 00415nam a2200145Ia 4500 | ||
|---|---|---|---|
| 008 | 150201s2012 xx 000 0 und d | ||
| 082 |
_a616.994 _bE12C |
||
| 100 | _aCRUZ, ANIL K.D. | ||
| 245 | _aEVIDENCE BASED MANAGEMENT OF CANCERS IN INDIA : GUIDELINES FOR HEAD & NECK CANCER PART-B | ||
| 250 | _a1ST | ||
| 260 |
_bTATA MEMORIAL HOSPITAL _aMUMBAI _c2012 |
||
| 300 | _a1-105 | ||
| 650 | _aCANCER | ||
| 942 |
_2ddc _cBK |
||
| 999 |
_c1733 _d1733 |
||